Đường phảng tuyệt kỹ Tập truyện ngắn
Với lối kể chuyện mộc mạc và cốt truyện mạch lạc rõ ràng, sẽ đưa ta vào một xứ sở thanh bình của miền tây nam bộ, để rồi từ đó kết nối với những vùng đất xa hơn bằng tình cảm và tri thức của tác giả - một người từng trải và co...
Guardado en:
| Autor principal: | |
|---|---|
| Formato: | Libro |
| Lenguaje: | Undetermined |
| Publicado: |
Tp. Hồ Chí Minh
Nxb. Trẻ
2019
|
| Materias: | |
| Acceso en línea: | http://lrc.tdmu.edu.vn/opac/search/detail.asp?aID=2&ID=40507 |
| Etiquetas: |
Agregar Etiqueta
Sin Etiquetas, Sea el primero en etiquetar este registro!
|
| Thư viện lưu trữ: | Trung tâm Học liệu Trường Đại học Thủ Dầu Một |
|---|
| LEADER | 01173nam a2200217Ia 4500 | ||
|---|---|---|---|
| 001 | TDMU_40507 | ||
| 008 | 210410s9999 xx 000 0 und d | ||
| 082 | |a 370 | ||
| 090 | |b L250 | ||
| 100 | |a Lê, Văn Phúc | ||
| 245 | 0 | |a Đường phảng tuyệt kỹ | |
| 245 | 0 | |b Tập truyện ngắn | |
| 245 | 0 | |c Lê Văn Phúc | |
| 260 | |a Tp. Hồ Chí Minh | ||
| 260 | |b Nxb. Trẻ | ||
| 260 | |c 2019 | ||
| 300 | |a 118tr. | ||
| 520 | |a Với lối kể chuyện mộc mạc và cốt truyện mạch lạc rõ ràng, sẽ đưa ta vào một xứ sở thanh bình của miền tây nam bộ, để rồi từ đó kết nối với những vùng đất xa hơn bằng tình cảm và tri thức của tác giả - một người từng trải và có hiểu biết về âm nhạc, thơ ca, ẩm thực. | ||
| 650 | |a Văn học hiện đại |v Truyện ngắn |z Việt Nam; Văn học Việt Nam |v Tiểu thuyết | ||
| 856 | |u http://lrc.tdmu.edu.vn/opac/search/detail.asp?aID=2&ID=40507 | ||
| 980 | |a Trung tâm Học liệu Trường Đại học Thủ Dầu Một | ||